The Prince and the Pauper (Record no. 4297)

MARC details
000 -LEADER
fixed length control field 00390nam a22001697a 4500
005 - DATE AND TIME OF LATEST TRANSACTION
control field 20260408155830.0
008 - FIXED-LENGTH DATA ELEMENTS--GENERAL INFORMATION
fixed length control field 160627b xxu||||| |||| 00| 0 eng d
020 ## - INTERNATIONAL STANDARD BOOK NUMBER
ISBN 81-7167-561-1
041 ## - LANGUAGE CODE
Language code of text/sound track or separate title eng
082 ## - DEWEY DECIMAL CLASSIFICATION NUMBER
Classification number 813.4
100 ## - MAIN ENTRY--AUTHOR NAME
Personal name Twain, Mark
245 ## - TITLE STATEMENT
Title The Prince and the Pauper
260 ## - PUBLICATION, DISTRIBUTION, ETC. (IMPRINT)
Name of publisher Rupa Clasics
Year of publication 2004
300 ## - PHYSICAL DESCRIPTION
Number of Pages 255
650 ## - SUBJECT ADDED ENTRY--TOPICAL TERM
Topical Term American fiction
942 ## - ADDED ENTRY ELEMENTS (KOHA)
Koha item type Books
Holdings
Lost status Damaged status Home library Current library Shelving location Date acquired Cost, normal purchase price Full call number Accession Number Koha item type
    JRU Library JRU Library SHELF-101-E 27/06/2016 80.00 813.4 10512 Books